LEADER 01289nam a2200265 i 4500 001 000000163318 003 CaOOAMICUS 005 20070724000000.0 008 070724s1999 it u000 u ita u 013 $a140682 020 $a88-7080-826-2 040 $aSeMil$bita 100 1 $aVazzoler, Moreno.$0(OLS)http://semarc/name/45558 245 13$aIl Giubileo di San Carlo Borromeo :$bMilano, 1576 : Vicende, episodi e curiositą nel cuore del secondo millennio /$cMoreno Vazzoler. 260 $aMilano :$bDi Baio,$cCopyr. 1999. 300 $a110 p. :$bill. ;$c24 cm. 500 $aIn testa alla copertina : Associazione Culturale Famiglia Meneghina. - Contiene : Bibliografia. 600 04$aBorromeo, Carlo .$0(OLS)http://semarc/subject/690 650 4$aGiubilei - Storia.$0(OLS)http://semarc/subject/362 850 $aSeMil 852 $aSeMil$W1$xVenegono$y1$m3G IV 264$j114613$B114613$CSeMilBibl$Z2$F127193 $81 961 $aOmaggio: Braccini Annamaria 996 $6020$a88-7080-826-2$9(OLS)http://semarc/number/149383 996 $6245$aIl Giubileo di San Carlo Borromeo :$bMilano, 1576 : Vicende, episodi e curiositą nel cuore del secondo millennio$9(OLS)http://semarc/title/232976 996 $6260$aMilano :$bDi Baio$9(OLS)http://semarc/publisher/30552 LEADER 01391nam a2200325 i 4500 001 000000332023 003 CaOOAMICUS 005 20190111155459.0 006 a 000 u 008 190111s2017 it u000 u mul u 013 $a233187 020 $a978-88-452-5806-0 040 $aSeMil$bita 041 1 $aita$arus 100 1 $aDostoevskij, Fėdor Michajlovi?,$d<1821-1881>.$0(OLS)http://semarc/name/1325 240 10$aDnevnik pisatelja.$0(OLS)http://semarc/title/85094 245 10$aDiario di uno scrittore /$cFėdor Dostoevskij ; introduzione di Armando Torno ; traduzione di Ettore Lo Gatto. 264 1$aMilano :$bBompiani,$c2017. 300 $aLXX, 1401 p. ;$c22 cm. 490 0 $aIl pensiero occidentale 500 $aTesto russo a fronte 700 1 $aTorno, Armando,$d<1953- >,$eautore di introduzione.$0(OLS)http://semarc/name/19713 700 0 $aLo Gatto, Ettore,$d<1890-1983>,$etraduttore.$0(OLS)http://semarc/name/6120 830 0$aBompiani Il pensiero occidentale.$0(OLS)http://semarc/title/10111 850 $aSeMil 852 $aSeMil$W1$xVenegono$y1$m2OA IV 439$j209982$B223929$CSeMilBibl$Z2$F223929 $81 996 $6020$a978-88-452-5806-0$9(OLS)http://semarc/number/286184 996 $6245$aDiario di uno scrittore$9(OLS)http://semarc/title/85093 996 $6264$aMilano :$bBompiani$9(OLS)http://semarc/publisher/29706